| 000 | 00763nam a2200229Ia 4500 | ||
|---|---|---|---|
| 003 | OSt | ||
| 005 | 20230403163018.0 | ||
| 008 | 210423s1995 xx 000 0 und d | ||
| 020 | _a978-1-4612-6911-3 | ||
| 040 | _cAL | ||
| 041 | _aeng | ||
| 082 |
_a510 _223 _bAXLG |
||
| 100 |
_aAXLER (S);GEHRING (F W);HALMOS (P R);CONWAY (John B) _982853 |
||
| 245 | _aGraduate texts in mathematics: functions of one complex variable II | ||
| 260 |
_aNew York _bSpringer Pvt Ltd _c1995 |
||
| 300 |
_axvi,396 _bPB |
||
| 365 |
_b4985.17 _cEUR |
||
| 440 |
_aGraduate texts in mathematics 159 _982854 |
||
| 650 |
_aMathematics _982855 |
||
| 906 | _a15 ; complex ; functions ; Graduate ; illustrations ; mathematics ; mathematics: ; one ; texts ; variable | ||
| 942 |
_2ddc _cBK |
||
| 999 |
_c169126 _d169126 |
||